Conclave (2024): Cast by Picture - Statistics

General Stats
  • This quiz has been taken 11 times
  • The average score is 4 of 11
Answer Stats
Picture Hint Answer % Correct
Cardinal Thomas Lawrence Ralph Fiennes
100%
Cardinal Aldo Bellini Stanley Tucci
91%
Cardinal Joseph Tremblay John Lithgow
64%
Cardinal Vincent Benitez | Pope Innocent XIV Carlos Diehz
27%
Sister Agnes Isabella Rossellini
27%
Archbishop Janusz Woźniak Jacek Koman
27%
Cardinal Goffredo Tedesco Sergio Castellitto
27%
Sister Shanumi Balkissa Souley Maiga
18%
Monsignor Raymond O'Malley Brían F. O'Byrne
9%
Cardinal Joshua Adeyemi Lucian Msamati
9%
Cardinal Sabbadin Merab Ninidze
9%
No matching quizzes found
Score Distribution
Percent of People with Each Score
Percentile by Number Answered
Your Score History
You have not taken this quiz